The Great Mother : an analysis of the archetype
Αποθηκεύτηκε σε:
| Κύριος συγγραφέας: | |
|---|---|
| Άλλοι συγγραφείς: | |
| Μορφή: | Βιβλίο |
| Γλώσσα: | English German |
| Δημοσίευση: |
Princeton, N.J. :
Princeton University Press,
1974, c1963.
|
| Σειρά: | Bollingen series ;
47 |
| Θέματα: | |
| Ετικέτες: |
Προσθήκη ετικέτας
Δεν υπάρχουν, Καταχωρήστε ετικέτα πρώτοι!
|
MARC
| LEADER | 00000cam a2200000 i 4500 | ||
|---|---|---|---|
| 001 | 1/34652 | ||
| 008 | 060921t19741963nju| ||| |||| ||eng|| | ||
| 020 | |a 0691017808 ((paperback edn.)) | ||
| 020 | |a 0691097429 ((handcover edn.)) | ||
| 035 | |l 10085292 | ||
| 040 | |a GR-MyUA |b gre |e AACR2 | ||
| 041 | 1 | |a eng |h ger | |
| 082 | 0 | |a 202.114 |2 (22) | |
| 100 | 1 | |a Neumann, Erich. | |
| 245 | 1 | 4 | |a The Great Mother : |b an analysis of the archetype / |c Erich Neumann ; translated from the German by Ralph Manheim. |
| 260 | |a Princeton, N.J. : |b Princeton University Press, |c 1974, c1963. | ||
| 300 | |a xliii, 185 σ. : |b εικ. ; |c 23 εκ. | ||
| 490 | 1 | |a (Bollingen series |v ; 47) | |
| 500 | |a Τίτλος πρωτοτύπου: Die Grosse Mutter. | ||
| 504 | |a Περιέχει βιβλιογραφικές αναφορές και ευρετήριο. | ||
| 650 | 0 | 0 | |a Mother goddesses. |
| 650 | 0 | 0 | |a Archetype (Psychology) |
| 700 | 1 | |a Manheim, Ralph, |d 1907-1992, |e trl | |
| 830 | 0 | |a Bollingen series ; |v 47 | |
| 852 | |a INST |b CHIOS |e 20060921 |h 202.114 NEU |p 005200027173 |q 005200027173 |t BK |y 0 | ||
| 901 | |a BIBL2-2006-2 | ||
| 909 | |a Χ |b 016446 | ||
| 970 | |a ΒΑΣΙΛΑΚΗ |b ΝΙΚΗ |z 2006/09/21 | ||